000 00637nam a2200241Ia 4500
003 OSt
005 20221007072250.0
006 a|||||r|||| 00| 0
007 ta
008 221006b |||||||| |||| 00| 0 eng d
024 _a17,630
037 _cTextual
040 _aFLL
_cFLL
_beng
041 _2eng
_aeng
082 _aXM55:Z3, K9
100 _aGower L.C.B. Au.
_9689982
245 0 _aPrinciples of modern company law
250 _a3rd
260 _aLondon
_bStevena & Sons England
_c1969
300 _alxxviii,716p
_ccm.
942 _hXM55:Z3, K9
_cTEXL
_2CC
999 _c1145578
_d1145578